| 000 | 00689nam a2200241Ia 4500 | ||
|---|---|---|---|
| 003 | OSt | ||
| 005 | 20221007081257.0 | ||
| 006 | a|||||r|||| 00| 0 | ||
| 007 | ta | ||
| 008 | 221006b |||||||| |||| 00| 0 eng d | ||
| 024 | _a14,512 | ||
| 037 | _cTextual | ||
| 040 |
_aFLL _cFLL _beng |
||
| 041 |
_2eng _aeng |
||
| 082 | _aX:54:Z1, M4 | ||
| 100 |
_aCampbell D. Au. _9696809 |
||
| 245 | 0 | _aLegal aspects of international business transactions | |
| 260 |
_aNew York _bOxford university press U.S.A. _c1984 |
||
| 300 |
_a463p _ccm. |
||
| 700 |
_a Rohwer C. Au. _9696810 |
||
| 942 |
_hX:54:Z1, M4 _cTEXL _2CC |
||
| 999 |
_c1162621 _d1162621 |
||